[Event "ch-RUS u18"]
[Site "Nojabrsk RUS"]
[Date "2005.04.09"]
[Round "4"]
[White "Moskalenko,A"]
[Black "Krylov,M RUS"]
[Result "1-0"]
[WhiteElo "2355"]
[BlackElo "2417"]

1.d4 d5 2.c4 dxc4 3.Nf3 Nf6 4.e3 e6 5.Bxc4 c5 6.O-O a6 7.Nc3 b5 8.Bb3 Bb7
9.Qe2 Qc7 10.a3 Nc6 11.Bc2 Bd6 12.dxc5 Bxc5 13.Bd2 O-O 14.Ne4 Nxe4 15.Bxe4 f5
16.Bxc6 Qxc6 17.Rac1 Qb6 18.Ne5 Rad8 19.Ba5 Qxa5 20.Rxc5 Rd2 21.Qe1 Qd8 22.Qc1 Qd6
23.Qc3 Be4 24.b4 Rc2 25.Qa1 Rc8 26.Rxc8+ Rxc8 27.Rd1 Bd5 28.Qd4 Rc2 29.f3 Qd8
30.h4 Qf8 31.e4 fxe4 32.fxe4 Bc4 33.Nxc4 Rxc4 34.Qb6 Qe7 35.Qb8+ Kf7 36.Rf1+ Kg6
37.Qg3+ Kh5 38.Qe5+ Kg6 39.Qg3+ Kh5 40.Rf4 g6 41.Qe3 g5 42.Rf7 Rxe4 43.Rxh7+  1-0

[Event "Open"]
[Site "Metz FRA"]
[Date "2005.04.19"]
[Round "4"]
[White "Savchenko,S"]
[Black "Ivanov,J"]
[Result "1-0"]
[WhiteElo "2512"]
[BlackElo "2350"]

1.d4 d5 2.c4 dxc4 3.Nf3 Nf6 4.e3 e6 5.Bxc4 c5 6.O-O a6 7.dxc5 Qxd1 8.Rxd1 Bxc5
9.Be2 Nbd7 10.Nbd2 b6 11.Nb3 Be7 12.Nfd4 Bb7 13.f3 Rc8 14.Bd2 O-O 15.e4 Rc7
16.Bf4 Rcc8 17.Be3 Ne5 18.Rac1 Rxc1 19.Rxc1 Rc8 20.Rxc8+ Bxc8 21.Nd2 Bb7
22.a3 h6 23.b4 a5 24.bxa5 bxa5 25.a4 Bb4 26.N2b3 Nfd7 27.Bb5 Nc5 28.Nxc5 Bxc5
29.Kf2 g5 30.Ke2 Bb4 31.Bd2 Bxd2 32.Kxd2 Kf8 33.Nb3 Nc6 34.Nc5 Ba8 35.Nd7+ Ke7
36.Nb6 Bb7 37.Nc4 f5 38.Ke3 fxe4 39.fxe4 h5 40.e5 Na7 41.g4 Bc6 42.Bxc6 Nxc6
43.gxh5 Kf7 44.Kf3 Kg7 45.Kg4 Kh6 46.h3 Nb4 47.Nxa5 Nd3 48.Nc6 Nf2+ 49.Kf3  1-0

[Event "TCh-HUN w"]
[Site "Budapest HUN"]
[Date "2005.04.20"]
[Round "2"]
[White "Ignacz,M"]
[Black "Vajda,S"]
[Result "1-0"]
[WhiteElo "2195"]
[BlackElo "2391"]

1.d4 d5 2.c4 dxc4 3.Nf3 Nf6 4.e3 e6 5.Bxc4 c5 6.Qe2 a6 7.dxc5 Bxc5 8.O-O Nc6
9.e4 b5 10.Bb3 Nd4 11.Nxd4 Qxd4 12.Nc3 Qe5 13.Bc2 Bb7 14.Kh1 b4 15.f4 Qh5
16.Qxh5 Nxh5 17.Na4 Bd4 18.Bd2 a5 19.a3 Nf6 20.Rfe1 b3 21.Bxb3 Nxe4 22.Be3 Bxe3
23.Rxe3 Rd8 24.Re2 O-O 25.Bc2 Rd4 26.Kg1 Rfd8 27.Rae1 Nf6 28.Nc5 Bd5 29.f5 Bc4
30.Re3 Rd2 31.Rc3 Bd5 32.fxe6 Rxg2+ 33.Kf1 Rxh2 34.e7 Re8 35.Re5 Be6 36.Nxe6 fxe6
37.Rxe6 Nd5 38.Bb3 Rd2 39.Re5  1-0

[Event "TCh-HUN w"]
[Site "Budapest HUN"]
[Date "2005.04.21"]
[Round "3"]
[White "Hryhorenko,N"]
[Black "Vajda,S"]
[Result "1/2-1/2"]
[WhiteElo "2294"]
[BlackElo "2391"]

1.d4 d5 2.Nf3 Nf6 3.c4 dxc4 4.e3 e6 5.Bxc4 c5 6.Qe2 a6 7.dxc5 Bxc5 8.O-O Nc6
9.e4 b5 10.Bd3 Nb4 11.Rd1 Qb6 12.Bg5 Bb7 13.Nc3 Nxd3 14.Rxd3 Be7 15.e5 Nd5
16.Nxd5 Bxd5 17.Bxe7 Kxe7 18.Qd2 Rhc8 19.Qb4+ Ke8 20.Qg4 Bxf3 21.Rxf3 Qc5
22.Re3 Qc1+ 23.Re1 Qh6 24.Rad1 Qg6 25.Qb4 Qc2 26.g3 Rd8 27.Rc1 Qd2 28.Qe4 Rac8
29.Rxc8 Rxc8 30.Re3 g6 31.Kg2 Qd5 32.Qxd5 exd5 33.Re2 Ke7 34.f4 h5 35.Kf3 Ke6
36.h3 Rc1 37.g4 hxg4+ 38.hxg4 a5 39.a3 Rc4 40.Rh2 b4 41.axb4 Rxb4 42.Rc2 Rb3+
43.Ke2 d4 44.Rc5 a4 45.Ra5 Rxb2+ 46.Kd3 Rg2 47.Ra6+ Ke7 48.Rxa4 Rxg4 49.Rxd4 Rg1
50.Ke4 Ra1 51.Rb4 Re1+ 52.Kf3 Rf1+ 53.Ke4 Re1+  1/2-1/2

[Event "62nd ch-POL"]
[Site "Poznan POL"]
[Date "2005.04.24"]
[Round "4"]
[White "Bobras,P"]
[Black "Warakomski,T"]
[Result "1-0"]
[WhiteElo "2501"]
[BlackElo "2384"]

1.d4 d5 2.c4 dxc4 3.Nf3 Nf6 4.e3 e6 5.Bxc4 c5 6.O-O a6 7.Bb3 Nc6 8.Qe2 cxd4
9.Rd1 Be7 10.Nc3 O-O 11.Nxd4 Nxd4 12.exd4 Nd5 13.Qf3 Nxc3 14.bxc3 Qc7 15.c4 Bf6
16.Bf4 e5 17.Bg3 Qa5 18.dxe5 Bxe5 19.Rd5 Qxd5 20.cxd5 Bxa1 21.h4 Bd7 22.h5 Rae8
23.h6 gxh6 24.d6 Be5 25.Bxe5 Rxe5 26.Qxb7 Be6 27.d7 Bxb3 28.Qxb3 Re1+ 29.Kh2 Rd8
30.Qb4 Re5 31.Qd6 Rb5 32.Qe7 Rbb8 33.a4 a5 34.f3 Rf8 35.Kh3 Kg7 36.g3 Kg6
37.g4 f6 38.Kh4 h5 39.gxh5+ Kh6 40.f4 Rbd8 41.f5 Rb8 42.Qe3+ Kg7 43.h6+ Kh8
44.Qe7 Rb4+ 45.Kh5  1-0

[Event "7th Rector Cup"]
[Site "Kharkiv UKR"]
[Date "2005.04.28"]
[Round "9"]
[White "Tihonov,J"]
[Black "Kupreichik,V"]
[Result "1/2-1/2"]
[WhiteElo "2466"]
[BlackElo "2447"]

1.d4 d5 2.c4 dxc4 3.Nf3 Nf6 4.e3 e6 5.Bxc4 c5 6.O-O Nc6 7.Nc3 a6 8.a4 Be7
9.Qe2 cxd4 10.Rd1 O-O 11.exd4 Nb4  1/2-1/2

[Event "Open A"]
[Site "Djakovo CRO"]
[Date "2005.05.02"]
[Round "3"]
[White "Brumen,D"]
[Black "Stevic,H"]
[Result "0-1"]
[WhiteElo "2385"]
[BlackElo "2514"]

1.d4 d5 2.Nf3 Nf6 3.c4 dxc4 4.e3 e6 5.Bxc4 c5 6.O-O a6 7.Bb3 Nc6 8.Nc3 cxd4
9.exd4 Be7 10.Re1 O-O 11.Bf4 Na5 12.d5 Nxb3 13.Qxb3 Nxd5 14.Rad1 Nxf4 15.Rxd8 Rxd8
16.g3 Nd5 17.Nxd5 Rxd5 18.Qxd5 exd5 19.Rxe7 Kf8 20.Rc7 b5 21.b4 a5 22.Ne5 Be6
23.Nc6 axb4 24.Rb7 g6 25.Nxb4 d4 26.f3 Rd8 27.Rc7 Bc4 28.Nc6 Rd6 29.Rc8+ Kg7  0-1

[Event "ch-FRA Top 16 Poule Haute"]
[Site "Port Barcares FRA"]
[Date "2005.05.05"]
[Round "9"]
[White "Sulava,N"]
[Black "Koch,JR"]
[Result "1/2-1/2"]
[WhiteElo "2478"]
[BlackElo "2431"]

1.Nf3 d5 2.d4 e6 3.c4 dxc4 4.e3 Nf6 5.Bxc4 c5 6.O-O Nc6 7.Qe2 cxd4 8.Rd1 Be7
9.Nxd4 Nxd4 10.exd4 Bd7 11.Nc3 Bc6 12.d5 exd5 13.Nxd5 Nxd5 14.Bxd5 Bxd5 15.Qb5+ Qd7
16.Qxd7+ Kxd7 17.Rxd5+ Kc6 18.Rf5 f6 19.Be3 a6 20.g4 Rac8 21.Kg2 Kd7 22.Re1 Rc4
23.Kf3 Rhc8 24.Rd5+ Ke8 25.Bf4 Rd8 26.Bd6 Rd7 27.Rc5 Rxc5 28.Bxc5 Kf7 29.Rxe7+ Rxe7
30.Bxe7 Kxe7 31.Ke4 Ke6 32.a4 b6 33.b4 g6 34.Kd4 Kd6 35.f4 h6 36.h4 Ke6 37.a5 bxa5
38.bxa5 Kd6 39.g5 fxg5 40.fxg5 h5 41.Kc4 Kc6 42.Kd4 Kd6 43.Kc4  1/2-1/2

[Event "ch-FRA National 1"]
[Site "Lille FRA"]
[Date "2005.05.08"]
[Round "11"]
[White "Doettling,F"]
[Black "Legky,N"]
[Result "1-0"]
[WhiteElo "2528"]
[BlackElo "2455"]

1.d4 d5 2.Nf3 Nf6 3.c4 dxc4 4.e3 e6 5.Bxc4 c5 6.O-O Nc6 7.Qe2 cxd4 8.Rd1 Be7
9.Nc3 O-O 10.Nxd4 Nxd4 11.exd4 Qe8 12.Nb5 Qd8 13.Bf4 Bd7 14.Nc7 Rc8 15.d5 Rxc7
16.d6 Rc6 17.dxe7 Qxe7 18.Bb5 Rb6 19.Bxd7 Nxd7 20.Qd2 e5 21.Be3 Nc5 22.b4 Ne4
23.Qc2 Rxb4 24.a3 Rd4 25.Bxd4 exd4 26.Re1 Re8 27.f3 d3 28.Qc4 b5 29.Qxb5 Qd8
30.fxe4 d2 31.Red1 Qd4+ 32.Kh1 Qxe4 33.Qb4  1-0

[Event "Torch Real Estate Cup"]
[Site "Wuxi CHN"]
[Date "2005.05.08"]
[Round "7"]
[White "Huang Qian"]
[Black "Ning Chunhong"]
[Result "1-0"]
[WhiteElo "2382"]
[BlackElo "2363"]

1.d4 d5 2.Nf3 Nf6 3.c4 dxc4 4.e3 e6 5.Bxc4 c5 6.O-O a6 7.Bb3 Nc6 8.Qe2 cxd4
9.Rd1 Be7 10.exd4 O-O 11.a3 b5 12.Nc3 Na5 13.Ba2 Bb7 14.Ne5 Rc8 15.Bg5 Nd5
16.Bd2 Bg5 17.Ne4 Bxd2 18.Qxd2 f6 19.Nd3 Rc6 20.Nec5 Bc8 21.Rac1 Qb6 22.b4 Nb7
23.Bxd5 exd5 24.Nf4 Rd6 25.Qa2 Rfd8 26.Re1 Bf5 27.Re7 Nxc5 28.Rxc5 Kf8 29.Qe2 g5
30.Nxd5 Rxd5 31.Rxd5 Rxd5 32.Re8+ Kg7 33.Qe7+ Kh6 34.Qf8+ Kh5 35.Qf7+ Bg6
36.g4+ Kh4 37.Qxd5 Bxe8 38.Qe4 Bg6 39.Qf3 Qd6 40.Kg2  1-0

[Event "Torch Real Estate Cup"]
[Site "Wuxi CHN"]
[Date "2005.05.09"]
[Round "8"]
[White "Wang Rui"]
[Black "Lin Ta"]
[Result "1/2-1/2"]
[WhiteElo "2457"]
[BlackElo "2417"]

1.d4 d5 2.Nf3 Nf6 3.c4 dxc4 4.e3 e6 5.Bxc4 c5 6.O-O a6 7.a4 Nc6 8.Qe2 Qc7
9.h3 Bd6 10.Rd1 b6 11.Nc3 Bb7 12.d5 exd5 13.Bxd5 O-O 14.e4 Rae8 15.Bg5 Nd4
16.Nxd4 Nxd5 17.Nxd5 Bxd5 18.Nf5 Bh2+ 19.Kh1 Bxe4 20.Ne7+ Kh8 21.Qxe4 f6
22.Ng6+ hxg6 23.Qh4+ Kg8 24.Be3 Be5 25.Qc4+ Qf7 26.Qxa6 Qb3 27.a5 bxa5 28.Bxc5 Ra8
29.Qb6 Qxb6  1/2-1/2

[Event "ch-LTU"]
[Site "Siauliai LTU"]
[Date "2005.05.12"]
[Round "9"]
[White "Butnorius,A"]
[Black "Sulskis,S"]
[Result "1/2-1/2"]
[WhiteElo "2424"]
[BlackElo "2545"]

1.d4 d5 2.c4 dxc4 3.Nf3 Nf6 4.e3 e6 5.Bxc4 c5 6.O-O a6 7.dxc5 Qxd1 8.Rxd1 Bxc5
9.a3 b5 10.Be2 Bb7 11.b4 Be7 12.Bb2 Nbd7 13.Nbd2 O-O 14.Rac1 Rac8 15.Kf1 Rxc1
16.Rxc1 Rc8 17.Rxc8+ Bxc8 18.Bd3 Bb7 19.Ke2 Nd5 20.g3 f6 21.Nd4 e5 22.Nf5 Bf8
23.e4 N5b6 24.Bc2 g6 25.Bb3+ Kh8 26.Ne3 Bd6 27.f3 Kg7 28.Nb1 Na4 29.Ba1 Ndb6
30.Nc3 Nxc3+ 31.Bxc3 Bc6 32.Be1 Be8 33.Bf2 Bf7 34.Nf5+ gxf5 35.Bxf7 Kxf7
36.Bxb6 fxe4 37.fxe4 h5 38.Kf3 Bf8 39.Be3 Kg6 40.g4 Be7 41.Kg3 Bd8 42.Bc5 Kg5
43.Be3+ Kg6 44.Bc5 Kg5 45.Be3+ Kg6 46.Bc5  1/2-1/2

[Event "Torch Real Estate Cup"]
[Site "Wuxi CHN"]
[Date "2005.05.13"]
[Round "12"]
[White "Xiu Deshun"]
[Black "Lin Ta"]
[Result "1/2-1/2"]
[WhiteElo "2343"]
[BlackElo "2417"]

1.d4 d5 2.Nf3 Nf6 3.c4 dxc4 4.e3 e6 5.Bxc4 c5 6.O-O a6 7.Bb3 b5 8.a4 b4 9.Nbd2 Bb7
10.e4 cxd4 11.e5 Nfd7 12.Nc4 Nc6 13.Re1 Nc5 14.Bg5 Qc7 15.Rc1 h6 16.Bf4 Nxb3
17.Qxb3 Na5 18.Nxa5 Qxa5 19.Nxd4 Bd5 20.Qh3 Qxa4 21.Rc7 b3 22.Qh5 g6 23.Qd1 Bb4
24.Qa1 Qxa1 25.Rxa1 g5 26.Be3 a5 27.Nb5 O-O 28.h4 Rab8 29.Nc3 gxh4 30.Nxd5 exd5
31.Rd1 a4 32.e6 fxe6 33.Rd4 h5 34.Rxh4 Rf7 35.Rc1 a3 36.Bd4 Rf5 37.bxa3 Bxa3
38.Rb1 e5 39.Ba7 Rb7 40.Ra4 Be7 41.Be3 Rf8 42.Ra5 Rd8 43.Bc5 Bf6 44.Ra6 Kf7
45.Bb6 Rd6 46.Rxb3 Ke6 47.Bc5 Rxa6 48.Rxb7 Ra1+ 49.Kh2 d4 50.f4 d3 51.Be3 Re1
52.Bd2 Re2 53.Bc3 Be7 54.Rb6+ Kf5 55.Rb7 Bc5 56.Rd7 Ke4 57.fxe5 Rc2 58.Ba5 Ra2
59.Bc3 Rc2 60.Ba5 Ra2  1/2-1/2

[Event "ch-UKR sf"]
[Site "Alushta UKR"]
[Date "2005.05.17"]
[Round "2"]
[White "Derjabin,I"]
[Black "Viliavin,R"]
[Result "1/2-1/2"]
[WhiteElo "2391"]
[BlackElo "2249"]

1.d4 d5 2.c4 dxc4 3.e3 Nf6 4.Bxc4 e6 5.Nf3 c5 6.O-O a6 7.b3 b5 8.Be2 Bb7
9.a4 b4 10.Bb2 Nbd7 11.Nbd2 Be7 12.Rc1 Rc8 13.Nc4 O-O 14.Qc2 Nb6 15.Rfd1 Nxc4
16.Bxc4 Qa5 17.Qe2 Rfd8 18.Ne5 Bd6 19.dxc5 Rxc5 20.f4 Rcc8 21.Kh1 Bb8 22.Bd4 h6
23.Ng4 Ne4 24.Rf1 Qh5 25.Kg1 Rxd4 26.exd4 Ba7 27.Rcd1 Rd8 28.Nf2 Qxe2 29.Bxe2 Rxd4
30.Rxd4 Bxd4 31.Bf3 Nxf2 32.Bxb7 Nh3+ 33.Kh1 Nf2+ 34.Kg1 Nh3+ 35.Kh1 Nf2+
36.Rxf2 Bxf2 37.Bxa6 Kf8 38.g3 Ke7 39.Kg2 Ba7 40.Kf3 Kd6 41.a5 e5 42.Bd3 exf4
43.Kxf4 f6 44.a6 Bb6 45.Ke4 Ba7 46.Bc4 Bb6 47.Kf5 Ke7 48.h4 Ba7 49.g4 Bb6
50.Kg6 Kf8  1/2-1/2

[Event "ch-UKR sf"]
[Site "Alushta UKR"]
[Date "2005.05.19"]
[Round "4"]
[White "Boginin,O"]
[Black "Viliavin,R"]
[Result "1/2-1/2"]
[WhiteElo "2358"]
[BlackElo "2249"]

1.d4 d5 2.c4 dxc4 3.Nf3 Nf6 4.e3 e6 5.Bxc4 c5 6.O-O a6 7.a4 Nc6 8.Qe2 cxd4
9.Rd1 d3 10.Bxd3 Qc7 11.Nc3 Bd6 12.e4 Ng4 13.h3 Nge5 14.Nxe5 Nxe5 15.f4 Nxd3
16.Qxd3 Bc5+ 17.Be3 O-O 18.Bxc5 Qxc5+ 19.Qd4 b6 20.e5 Bb7 21.Qxc5 bxc5 22.Rd6 Rfc8
23.Rb6 Bd5 24.a5 Rab8 25.Na4 g6 26.Rc1 c4 27.Rc2 Rxb6 28.axb6 Rb8 29.Kf2 Bc6
30.Rxc4 Bxa4 31.Rxa4 Rxb6 32.b4 Kf8 33.Ke3 Ke7 34.g4 f6 35.exf6+ Kxf6 36.Kd4 g5
37.fxg5+ Kxg5 38.Ra5+ Rb5 39.Rxb5+ axb5 40.Kc5 e5 41.Kxb5 e4 42.Kc4 Kf4 43.b5 e3
44.b6 e2 45.b7 e1=Q 46.b8=Q+ Qe5 47.Qf8+ Kg3 48.Qf5 Qc7+ 49.Kd5 Kxh3 50.Qh5+ Kg3
51.g5 Qe7 52.Kd4  1/2-1/2

[Event "ch-UKR sf"]
[Site "Alushta UKR"]
[Date "2005.05.20"]
[Round "5"]
[White "Nechaev,An"]
[Black "Goroshchenko,D"]
[Result "1-0"]
[WhiteElo "2393"]
[BlackElo "2270"]

1.d4 d5 2.c4 dxc4 3.e3 Nf6 4.Bxc4 e6 5.Nf3 c5 6.O-O a6 7.Qe2 b5 8.Bd3 Bb7
9.dxc5 Bxc5 10.Bxb5+ Nbd7 11.Ba4 O-O 12.Nc3 Qc7 13.Bc2 Rab8 14.Rb1 Rfc8 15.Bd2 Bd6
16.h3 Bxf3 17.Qxf3 Ne5 18.Qe2 Nc4 19.Bd3 Nxd2 20.Qxd2 Rb6 21.Rfc1 Rc6 22.Ne2 Qb7
23.Rxc6 Rxc6 24.Rc1 g6 25.Rxc6 Qxc6 26.Qa5 Kg7 27.Qxa6 Qd5 28.g3 h5 29.Qc4 Qa5
30.Nc3 Be5 31.a4 Nd5 32.Nxd5 exd5 33.Qb5 Qe1+ 34.Kg2 h4 35.Qxd5 Bxb2 36.gxh4 Qd1
37.Bc4 Qxd5+ 38.Bxd5 Bc3 39.Kf3 Kf6 40.Kg4 Be1 41.f3 Kg7 42.e4 f6 43.h5 g5
44.Kf5 Bc3 45.Bc6 Kh6 46.Be8 Kg7 47.Ke6 Kf8 48.Bg6 Kg7 49.Kd5  1-0

[Event "ch-UKR sf"]
[Site "Alushta UKR"]
[Date "2005.05.22"]
[Round "7"]
[White "Ipatov,A"]
[Black "Skliar,A"]
[Result "0-1"]
[WhiteElo "2096"]
[BlackElo "2345"]

1.d4 d5 2.c4 dxc4 3.Nf3 Nf6 4.e3 e6 5.Bxc4 c5 6.Qe2 Nc6 7.O-O a6 8.Nc3 Be7
9.Rd1 Qc7 10.d5 exd5 11.Nxd5 Nxd5 12.Bxd5 O-O 13.e4 Bg4 14.Bxc6 Qxc6 15.h3 Be6
16.Bf4 Rfd8 17.b3 h6 18.Ne5 Qe8 19.Nc4 Rxd1+ 20.Rxd1 Rd8 21.Ne3 Bf6 22.Rxd8 Qxd8
23.Qf3 Qd4 24.Nd5 Be5 25.Bxe5 Qxe5 26.Qf4 Qxf4 27.Nxf4 Bd7 28.Nd3 b6 29.f3 Kf8
30.Kf2 Ke7 31.Ke3 Kd6 32.Nb2 Be6 33.f4 f6 34.Nc4+ Kc6 35.Kd3 b5 36.Ne3 Kd6
37.h4 Bd7 38.h5 Be6 39.g4 Ke7 40.Nf5+ Kd7 41.Ne3 Ke8 42.Nf5 Kf7 43.Nd6+ Kf8
44.Nf5 c4+ 45.Kc3 a5 46.b4 axb4+ 47.Kxb4 Bd7 48.Ne3 Bc6 49.Nd5 Bxd5 50.exd5 Ke7
51.Kc3 Kd7 52.Kd4 Kd6 53.a3 Kc7 54.Ke4 f5+ 55.gxf5 Kd6 56.Kd4 Ke7 57.f6+ gxf6
58.Ke4 Kd6 59.Kd4 f5 60.a4 bxa4 61.Kxc4 a3 62.Kb3 Kxd5 63.Kxa3 Ke4  0-1

[Event "Dueball mem"]
[Site "Solingen GER"]
[Date "2005.05.25"]
[Round "4"]
[White "Hecht,HJ"]
[Black "Antoniewski,R"]
[Result "1/2-1/2"]
[WhiteElo "2384"]
[BlackElo "2488"]

1.d4 d5 2.Nf3 Nf6 3.c4 dxc4 4.e3 e6 5.Bxc4 c5 6.O-O a6 7.Bb3 b5 8.a4 b4 9.Nbd2 Bb7
10.e4 cxd4  1/2-1/2

[Event "Summer"]
[Site "Alushta UKR"]
[Date "2005.05.26"]
[Round "2"]
[White "Annageldyev,O"]
[Black "Tishin,D"]
[Result "1/2-1/2"]
[WhiteElo "2483"]
[BlackElo "2355"]

1.Nf3 d5 2.d4 Nf6 3.c4 dxc4 4.e3 e6 5.Bxc4 c5 6.O-O Nc6 7.Nc3 cxd4 8.exd4 Be7
9.a3 O-O 10.Re1 b6 11.Be3 Bb7 12.Qe2 Nd5 13.Nxd5 exd5 14.Bd3 Bf6 15.Ne5 Bxe5
16.dxe5 Nxe5 17.Bxh7+ Kxh7 18.Qh5+ Kg8 19.Qxe5 Re8 20.Qc3 Rc8 21.Qd3 Re4
22.f3 Re6 23.Bd4 Qe7 24.Rxe6 Qxe6 25.Bc3 Re8 26.Re1 Qc6 27.Rxe8+ Qxe8 28.Qd4 f6
29.h4 Bc6 30.Kf2 Qe6 31.Qf4 Be8 32.g4 Kh7 33.g5 fxg5 34.Qxg5 Qh6 35.Qg4 Qg6
36.Kg3 Qxg4+ 37.fxg4 Bd7 38.Kf4 a5 39.Ke5 a4 40.g5 b5 41.h5 Bg4  1/2-1/2

[Event "30th Elekes Mem GM"]
[Site "Budapest HUN"]
[Date "2005.05.26"]
[Round "6"]
[White "Hoang Thanh Trang"]
[Black "Danner,G"]
[Result "1-0"]
[WhiteElo "2470"]
[BlackElo "2435"]

1.d4 d5 2.c4 dxc4 3.e3 c5 4.Bxc4 e6 5.Nf3 Nf6 6.O-O a6 7.a4 Nc6 8.Qe2 Qc7
9.Rd1 Bd6 10.dxc5 Bxc5 11.b3 O-O 12.Bb2 b6 13.Nbd2 Bb7 14.Rac1 Rfd8 15.Ng5 Nb4
16.Bxf6 gxf6 17.Nge4 Qe5 18.Nxc5 bxc5 19.f4 Qf5 20.Nf1 Qg6 21.Ng3 f5 22.Rxd8+ Rxd8
23.Rd1 Rxd1+ 24.Qxd1 Nd5 25.Qc1 h5 26.Bf1 h4 27.Nh1 e5 28.fxe5 Qg5 29.Nf2 f4
30.e4 Ne3 31.Qxc5 Nxg2 32.Nh3 Qg4 33.Bxg2 f3 34.Qf2 Bxe4 35.Qd2 Qxg2+ 36.Qxg2+ fxg2
37.b4 Kf8 38.Nf4 Ke7 39.Kf2 Bc6 40.a5 h3 41.Nxh3 Ke6 42.Ng5+ Kxe5 43.Nxf7+ Kd5
44.Nd8 Bb5 45.Nb7 Be2 46.Nc5 Bb5 47.h4 Be2 48.Kxg2 Kc6 49.Kf2 Bh5 50.Nxa6 Kb5
51.Nc7+ Kc6 52.Ne6 Bg6 53.Nf4 Bf5 54.h5 Kb5 55.h6 Kxb4 56.a6 Kb5 57.a7  1-0

[Event "Berman Hillman"]
[Site "Santa Cruz BOL"]
[Date "2005.06.11"]
[Round "7"]
[White "Vera,K"]
[Black "Zambrana,O"]
[Result "1/2-1/2"]
[WhiteElo "2270"]
[BlackElo "2472"]

1.d4 d5 2.c4 dxc4 3.Nf3 Nf6 4.e3 e6 5.Bxc4 c5 6.Nc3 a6 7.a4 Nc6 8.O-O cxd4
9.exd4 Be7 10.d5 exd5 11.Nxd5 Nxd5 12.Bxd5 O-O 13.Qb3 Na5 14.Qa2 Bf6 15.Rd1 Be6
16.Be3 Bxd5 17.Rxd5 Qc7 18.Rc1 Nc6 19.Qc4 Rad8 20.Rxd8 Rxd8 21.b4 Qd6 22.b5 Na5
23.Qe2 h6 24.h3 Qe6 25.Rb1 Nc4 26.bxa6 bxa6 27.Qa2 Qf5 28.Re1 Nxe3 29.Rxe3 Rc8
30.Re1 g6 31.Qb1 Qc5 32.Qb7 Qc6 33.Qb3 Kg7 34.Ne5 Bxe5 35.Rxe5 Qc1+ 36.Kh2 Rc3
37.Qb4 Rc4 38.Qe1 Qxe1 39.Rxe1 Rxa4 40.Re7 Rf4 41.Ra7 Rf6 42.f4 h5 43.Kg3 Rb6
44.Kh4 Kf6 45.g4 hxg4 46.hxg4 Kg7 47.g5 Rb4 48.Rxa6 Rxf4+ 49.Kg3 Rd4 50.Ra8 Rd1
51.Rb8 Rh1 52.Kf4 Rh4+ 53.Kg3 Rh8 54.Rb7 Rd8 55.Ra7 Kf8 56.Kf4 Rd4+ 57.Kf3 Ke8
58.Ke3 Rd7 59.Rxd7 Kxd7 60.Kd3  1/2-1/2

[Event "Open"]
[Site "Mielo POL"]
[Date "2005.06.12"]
[Round "3"]
[White "Gajdzica,M"]
[Black "Adamski,M"]
[Result "1-0"]
[WhiteElo "2044"]
[BlackElo "2287"]

1.d4 d5 2.c4 dxc4 3.Nf3 Nf6 4.e3 e6 5.Bxc4 c5 6.O-O a6 7.a4 Nc6 8.Nc3 Be7
9.h3 O-O 10.Re1 b6 11.d5 exd5 12.Nxd5 Nxd5 13.Bxd5 Qc7 14.e4 Bb7 15.Qe2 Rad8
16.Bd2 Bf6 17.Bc3 Bxc3 18.bxc3 Rfe8 19.Rad1 Nd4 20.Bxf7+ Qxf7 21.cxd4 cxd4
22.Ng5 Qb3 23.Rb1 Qxa4 24.Qh5 h6 25.Qf7+ Kh8 26.Rxb6 Bc6 27.Rc1 Qa5 28.Rcxc6 Qxg5
29.Rg6 Qc1+ 30.Kh2 Rg8 31.f4  1-0

[Event "IV Summer"]
[Site "Alushta UKR"]
[Date "2005.06.18"]
[Round "2"]
[White "Bets,A"]
[Black "Gafner,E"]
[Result "1/2-1/2"]
[WhiteElo "2360"]
[BlackElo "2302"]

1.d4 d5 2.c4 dxc4 3.e3 Nf6 4.Bxc4 e6 5.Nf3 c5 6.O-O a6 7.dxc5 Bxc5 8.Qxd8+ Kxd8
9.b3 Ke7 10.Bb2 b6 11.Nbd2 Bb7 12.Be2 Nbd7 13.Rac1 Rac8 14.a3 Rhd8 15.b4 Bd6
16.Nc4 Bc7 17.a4 Nd5 18.b5 Nc5 19.Ba3 axb5 20.axb5 Ke8 21.Na5 bxa5  1/2-1/2

[Event "White Nights"]
[Site "St Petersburg RUS"]
[Date "2005.06.19"]
[Round "2"]
[White "Abramov,Valen"]
[Black "Zalazaev,E"]
[Result "1-0"]
[WhiteElo "2263"]
[BlackElo "1866"]

1.d4 d5 2.c4 dxc4 3.Nf3 Nf6 4.e3 e6 5.Bxc4 c5 6.O-O a6 7.a4 Nc6 8.Nc3 cxd4
9.exd4 Be7 10.Bf4 O-O 11.Rc1 Nb4 12.Qb3 Bd7 13.Ne5 Rc8 14.Rfd1 Nc6 15.Bd3 Nb4
16.Bb1 Bc6 17.Nxc6 Rxc6 18.Ne4 Rxc1 19.Bxc1 Nfd5 20.Qg3 Kh8 21.Ng5 g6 22.Qh4 Nf6
23.Qh6 Qe8 24.Bf4 Qxa4 25.Rf1 Kg8 26.Be5 Nbd5 27.Nxh7 Rc8 28.Nxf6+ Nxf6 29.Bxg6 fxg6
30.Qxg6+ Kh8 31.Bxf6+ Bxf6 32.Qxf6+ Kh7 33.Qxe6 Rg8 34.Qh3+ Kg7 35.Qg4+ Kf7
36.Qf5+ Kg7 37.Re1 Qb4 38.Re3  1-0

[Event "White Nights"]
[Site "St Petersburg RUS"]
[Date "2005.06.22"]
[Round "5"]
[White "Kostin,S"]
[Black "Vrublevskaya,O"]
[Result "0-1"]
[WhiteElo "2275"]
[BlackElo "2157"]

1.d4 d5 2.c4 dxc4 3.Nf3 e6 4.e3 Nf6 5.Bxc4 c5 6.O-O a6 7.Bb3 Nc6 8.Nc3 cxd4
9.exd4 Be7 10.Be3 O-O 11.Qe2 Na5 12.Bc2 b5 13.Rad1 Bb7 14.Bg5 Rc8 15.Qd3 g6
16.Rfe1 Nc4 17.Bc1 b4 18.Na4 Bxf3 19.Qxf3 Nxb2 20.Bxb2 Rxc2 21.d5 Nxd5 22.Qe4 Rc8
23.Qe5 Bf6 24.Rxd5 Bxe5 25.Rxd8 Rfxd8 26.Bxe5 Rd2 27.Nb2 Rcc2 28.Rb1 Rxf2
29.Nd3 Rxg2+ 30.Kh1 Rgd2 31.Nxb4 Rc8 32.a3 a5 33.Nc6 Kf8 34.Bf4 Rd3 35.Nxa5 g5
36.Bxg5 Rxa3 37.Bh6+ Ke8 38.Nb7 Rca8 39.Bg7 Rd3 40.Nc5 Re3 41.Bd4 Re2 42.Kg1 Rd8
43.Bf6 Rc8 44.Rd1 Rc2 45.Nb3 R2c4 46.Rd3 Rg4+ 47.Kh1 Rg6 48.Bh4 f6 49.Bg3 e5
50.Nd2 Rd8 51.Rxd8+ Kxd8 52.Kg2 Kd7 53.Kf3 Ke6 54.Ne4 Rg8 55.Bh4 f5 56.Ng5+ Kd6
57.Nf7+ Kd5 58.Nh6 Rf8 59.Be7 Ra8 60.Ke3 Ra6 61.Bf8 Ke6 62.Bc5 Rc6 63.Bb4 Rc4
64.Be1 Kf6 65.Ng8+ Kf7 66.Nh6+ Kg6 67.Ng8 Re4+ 68.Kf2 Rf4+ 69.Kg3 Rf1 70.Ne7+ Kf7
71.Bb4 Rb1  0-1

[Event "White Nights"]
[Site "St Petersburg RUS"]
[Date "2005.06.23"]
[Round "6"]
[White "Truskavetsky,A"]
[Black "Praslov,A"]
[Result "1-0"]
[WhiteElo "2374"]
[BlackElo "2395"]

1.d4 d5 2.c4 dxc4 3.Nf3 Nf6 4.e3 e6 5.Bxc4 c5 6.O-O a6 7.a4 Nc6 8.Nc3 Be7
9.Qe2 cxd4 10.Rd1 e5 11.exd4 exd4 12.Nxd4 Nxd4 13.Qe3 O-O 14.Rxd4 Qc7 15.Qf3 Qe5
16.Be3 Bc5 17.Rd5 Nxd5 18.Bxc5 Ne7 19.Nd5 Nxd5 20.Bxf8 Be6 21.Ba3 Rc8 22.Bf1 Bd7
23.Rd1 Bc6 24.Qg3 Qxg3 25.hxg3 Nf6 26.a5 h6 27.f3 Nd5 28.Kf2 Nc7 29.Bc5 Ne6
30.Bb6 Kf8 31.Bd3 Ke7 32.g4 Ba4 33.Re1 Kd7 34.Be4 Bc6 35.Bf5 Re8 36.g3 Kd6
37.b4 Ng5 38.Rd1+ Bd5 39.Bc2 Ke6 40.Bc5 Bxf3 41.Re1+ Kd7 42.Bf5+ Re6 43.Be3 Bd5
44.Rd1 Kc6 45.Rc1+ Kd7 46.Bxg5 hxg5 47.Rc5 Kd6 48.Bxe6 Kxe6 49.Ke3 Ke5 50.Rc8 g6
51.Re8+ Kd6 52.Kd4 Bc6 53.Re5 f6 54.Re2 f5 55.Rh2 Ke6 56.Rh6 Kf6 57.gxf5 Kxf5
58.Ke3 Bd5 59.Rh7 Kg4 60.Kf2 Be4 61.Rf7 Bc6 62.Rf6 Be8 63.Re6 Bf7 64.Rb6 Bd5
65.Rxg6 Bc6 66.Rd6 Kh3 67.Rxc6 bxc6 68.Kf3  1-0

[Event "Torch Real Estate Cup"]
[Site "Xiapu CHN"]
[Date "2005.06.23"]
[Round "16"]
[White "Li Shilong"]
[Black "Wen Yang"]
[Result "0-1"]
[WhiteElo "2515"]
[BlackElo "2327"]

1.d4 d5 2.c4 dxc4 3.Nf3 Nf6 4.e3 e6 5.Bxc4 c5 6.O-O a6 7.a4 Nc6 8.Qe2 cxd4
9.Rd1 Be7 10.exd4 O-O 11.Nc3 Nd5 12.Bb3 Re8 13.h4 Ncb4 14.h5 b6 15.Ne5 Bb7
16.Qg4 f5 17.Qh3 Rc8 18.Bd2 Bg5 19.Qg3 Bh4 20.Qh3 Bg5 21.Qg3 Bh4 22.Qh2 Bg5
23.f4 Bf6 24.Qh3 Rc7 25.Rac1 Qd6 26.g4 fxg4 27.Ne4 Qd8 28.Qxg4 Nc6 29.Bc3 Qe7
30.Re1 Bh4 31.Re2 Nxd4 32.Bxd4 Rxc1+ 33.Kh2 Nf6 34.Qxh4 Bxe4 35.Bg1 Bd5 36.Bc2 Rf8
37.Nd3 Rf1 38.Re1 Rxe1 39.Nxe1 e5 40.h6 gxh6 41.Qg3+ Kh8 42.fxe5 Nh5 43.Qg4 Qxe5+  0-1

[Event "White Nights"]
[Site "St Petersburg RUS"]
[Date "2005.06.24"]
[Round "7"]
[White "Kopasov,E"]
[Black "Zalazaev,E"]
[Result "1-0"]
[WhiteElo "2120"]
[BlackElo "1866"]

1.d4 d5 2.c4 dxc4 3.Nf3 Nf6 4.e3 e6 5.Bxc4 c5 6.O-O a6 7.e4 Nxe4 8.d5 Nd6
9.dxe6 fxe6 10.Bb3 Be7 11.Re1 c4 12.Bc2 O-O 13.Ne5 Qc7 14.Qh5 Nf5 15.g4 Bd6
16.gxf5 Bxe5 17.fxe6 Bxh2+ 18.Qxh2 Qxh2+ 19.Kxh2 Rxf2+ 20.Kg1 Rxc2 21.e7 Bd7
22.e8=Q+ Bxe8 23.Rxe8+ Kf7 24.Re1 c3 25.b3 b5 26.Na3 Rxc1 27.Raxc1 b4 28.Nc4 Nc6
29.Rf1+ Kg8 30.Rcd1 h5 31.Rd6 Ne7 32.Rd7 Nc6 33.Rff7 c2 34.Rf1 Re8 35.Rd2 Kh7
36.Rxc2 Nd4 37.Rd2 Ne2+ 38.Kg2 Nc3 39.Rd6 Re2+ 40.Rf2 Rxf2+ 41.Kxf2 Ne4+
42.Kg2 Nxd6 43.Nxd6 Kg6 44.Kf3 Kf6 45.Ke4 h4 46.Nf5 h3 47.Ne3 Kg5 48.Kf3 h2
49.Kg2 h1=Q+ 50.Kxh1 a5 51.Nc4 Kf4 52.Nxa5  1-0

[Event "Torch Real Estate Cup"]
[Site "Xiapu CHN"]
[Date "2005.06.24"]
[Round "17"]
[White "Liang Chong"]
[Black "Wu Kaiyu"]
[Result "0-1"]
[WhiteElo "2524"]
[BlackElo "2294"]

1.d4 d5 2.c4 dxc4 3.Nf3 Nf6 4.e3 e6 5.Bxc4 c5 6.O-O a6 7.Bb3 Nc6 8.Qe2 Qc7
9.Nc3 Bd6 10.dxc5 Bxc5 11.e4 Ng4 12.g3 O-O 13.Kg2 Bd6 14.h3 Nge5 15.Be3 Nxf3
16.Qxf3 Na5 17.Rac1 Nxb3 18.axb3 Qe7 19.Bb6 Bd7 20.Qe3 Bc6 21.Kh2 Bc7 22.Bc5 Bd6
23.b4 f5 24.f4 Bxc5 25.bxc5 fxe4 26.Nxe4 Bxe4 27.Qxe4 Rfd8 28.Rc2 Rd5 29.f5 Re8
30.Re2 Qf7 31.Rff2 e5 32.Rc2 Rd4 33.Qe3 Qf6 34.Qb3+ Qf7 35.Qe3 Qf6 36.Qb3+ Qf7
37.Qb6 Rd3 38.c6 bxc6 39.Qxa6 e4 40.f6 gxf6 41.Qxc6 Qg6 42.g4 Rf8 43.Qe6+ Kh8
44.Rc8 Rxc8 45.Qxc8+ Qg8 46.Qc6 Qb8+ 47.Kh1 Rxh3+ 48.Kg1 Qg3+  0-1

[Event "ch-SWE"]
[Site "Goeteborg SWE"]
[Date "2005.07.05"]
[Round "4"]
[White "Hermansson,E"]
[Black "Brynell,S"]
[Result "1/2-1/2"]
[WhiteElo "2430"]
[BlackElo "2484"]

1.d4 d5 2.c4 dxc4 3.Nf3 Nf6 4.e3 e6 5.Bxc4 c5 6.O-O a6 7.Bb3 Nc6 8.Qe2 cxd4
9.Rd1 d3 10.Rxd3 Qc7 11.Nc3 Bd6 12.h3 O-O 13.e4 Nd7 14.Be3 Nc5 15.Rd2 Nxb3
16.axb3 Bb4 17.Rad1 Re8 18.Nd4 Bxc3 19.bxc3 Nxd4 20.Rxd4 e5 21.Rc4  1/2-1/2